MARC

LEADER 00000nam0a2200000 4500
001 295967
005 20231102000848.0
035 |a (RuTPU)RU\TPU\book\321060 
090 |a 295967 
100 |a 20150527d1983 k y0rusy50 ca 
101 0 |a rus 
102 |a RU 
105 |a a z 001zy 
200 1 |a Физико-химические основы технологии жаростойких неорганических материалов  |e сборник научных трудов  |f Кемеровский государственный университет (КемГУ) ; под ред. Л. М. Ланда 
210 |a Кемерово  |c Изд-во КемГУ  |d 1983 
215 |a 152 с.  |c ил. 
320 |a Библиография в конце статей 
606 1 |a Химическая технология неорганических веществ  |x Физико-химические основы  |2 stltpush  |3 (RuTPU)RU\TPU\subj\32024  |9 54712 
610 1 |a жаростойкие материалы 
610 1 |a металлы 
610 1 |a сплавы 
610 1 |a железобетоны 
610 1 |a стекла 
610 1 |a керамика 
610 1 |a ситаллы 
610 1 |a структура 
610 1 |a свойства 
610 1 |a получение 
675 |a 661.2/.6  |v 4 
702 1 |a Ланда  |b Л. М.  |4 340 
712 0 2 |a Кемеровский государственный университет (КемГУ)  |c (1974- )  |2 stltpush  |3 (RuTPU)RU\TPU\col\402 
801 1 |a RU  |b 63413507  |c 20150527 
801 2 |a RU  |b 63413507  |c 20181025  |g RCR 
942 |c BK